[Event "Chigorin Memorial 29th"]
[Site "St Petersburg"]
[Date "2022.10.24"]
[Round "3"]
[White "Chetverik, Maxim"]
[Black "Penkov, Aleksey"]
[Result "0-1"]
[WhiteElo "2070"]
[BlackElo "1720"]
[PlyCount "96"]
[EventDate "2022.10.22"]
[EventType "swiss"]
[EventRounds "9"]
[EventCountry "RUS"]
[SourceTitle "EXT 2024"]
[Source "ChessBase"]
[SourceDate "2023.10.10"]
[SourceVersion "1"]
[SourceVersionDate "2023.10.10"]
[SourceQuality "1"]

1. d4 Nf6 2. Nf3 e6 3. c4 b6 4. g3 Bb7 5. Bg2 Bb4+ 6. Bd2 a5 7. 0-0 0-0 8. Bf4 Be7 9. Nc3 d6 10. Qc2 Nbd7 11. e4 Nh5 12. Be3 f5 13. exf5 exf5 14. d5 f4 15. Bd4 g5 16. g4 Ng7 17. Bxg7 Kxg7 18. Nd4 Nc5 19. Be4 Bf6 20. Bxh7 Bxd4 21. Qg6+ Kh8 22. Qh5 Qe7 23. Bg6+ Kg8 24. Rae1 Qg7 25. Ne4 Nxe4 26. Rxe4 Be5 27. h4 gxh4 28. g5 Bc8 29. Kh1 Bf5 30. Bxf5 Rxf5 31. Rg1 Qh7 32. Qg4 Raf8 33. f3 Kg7 34. Re2 Kg6 35. Qh3 Rh8 36. Rh2 Bd4 37. Rg4 Re5 38. Qf1 Kg7 39. Rxf4 Be3 40. Rg4 Qf5 41. g6 Bf4 42. Re2 h3 43. Rxe5 dxe5 44. Qd1 h2 45. Rg2 Rh3 46. Rf2 Qxg6 47. Rg2 Rg3 48. Rxh2 Be3 0-1

[Event "St Petersburg Korchnoi Memorial op"]
[Site "St Petersburg"]
[Date "2018.08.22"]
[Round "8"]
[White "Penkov, Aleksey"]
[Black "Natarov, Ilya"]
[Result "0-1"]
[WhiteElo "1782"]
[BlackElo "1981"]
[PlyCount "94"]
[EventDate "2018.08.15"]
[EventType "swiss"]
[EventRounds "9"]
[EventCountry "RUS"]
[SourceTitle "CBM 186 Extra"]
[Source "ChessBase"]
[SourceDate "2018.08.24"]
[SourceVersion "1"]
[SourceVersionDate "2018.08.24"]
[SourceQuality "1"]

1. e4 Nf6 2. Bc4 Nxe4 3. Nf3 d5 4. Bb3 Bg4 5. d4 e6 6. Qd3 c6 7. 0-0 Bd6 8. Ne5 Bf5 9. Qe3 Nd7 10. f4 f6 11. Nf3 Qc7 12. c4 0-0-0 13. cxd5 exd5 14. Nfd2 g5 15. Nxe4 Bxe4 16. Nc3 Bxf4 17. Qh3 g4 18. Qh4 Bd6 19. Nxe4 dxe4 20. Bh6 Kb8 21. g3 Qb6 22. Rad1 Ne5 23. Qxf6 Nf3+ 24. Kg2 Rhe8 25. Rf2 Qb5 26. Bf7 Re7 27. Bf4 Red7 28. Bxd6+ Rxd6 29. Qf4 e3 30. Qxe3 Qf5 31. Bc4 Qh5 32. Qf4 Qxh2+ 33. Kf1 Qh1+ 34. Ke2 Re8+ 35. Kd3 Qxd1+ 36. Kc3 Qe1+ 37. Kb3 Qe3+ 38. Kb4 Qxf4 39. gxf4 Rxd4 40. a4 Rxf4 41. Rc2 Ne5 42. b3 Nxc4 43. bxc4 Ree4 44. Ka5 Rxc4 45. Rxc4 b6+ 46. Ka6 Rxc4 47. a5 g3 0-1

[Event "St Petersburg Blockade op"]
[Site "St Petersburg"]
[Date "2013.01.07"]
[Round "5"]
[White "Penkov, Aleksey"]
[Black "Fraiman, Dmitry"]
[Result "0-1"]
[WhiteElo "1945"]
[BlackElo "1734"]
[PlyCount "68"]
[EventDate "2013.01.03"]
[EventType "swiss"]
[EventRounds "9"]
[EventCountry "RUS"]
[SourceTitle "CBM 152 Extra"]
[Source "ChessBase"]
[SourceDate "2013.02.25"]
[SourceVersion "1"]
[SourceVersionDate "2013.02.25"]
[SourceQuality "1"]

1. d4 d5 2. e4 dxe4 3. Nc3 Nf6 4. f3 Bf5 5. Bg5 Nbd7 6. Qe2 exf3 7. Qxf3 e6 8. d5 Be7 9. dxe6 Bxe6 10. Bf4 c6 11. Bd3 0-0 12. h3 Nc5 13. Nge2 Nxd3+ 14. cxd3 Nd5 15. Bd2 Nb4 16. 0-0 Qxd3 17. Ne4 Qxf3 18. Rxf3 Rad8 19. Raf1 Bc4 20. Re1 Nc2 21. Rc3 Nxe1 22. Rxc4 Nd3 23. Bc3 f5 24. N4g3 c5 25. Ra4 a6 26. Nh5 Rf7 27. Nhf4 Nxf4 28. Nxf4 g5 29. Nh5 Rd6 30. Ra5 f4 31. g4 b5 32. Be5 Re6 33. Bc7 c4 34. a3 Bc5+ 0-1

[Event "Peterhof op"]
[Site "Peterhof"]
[Date "2008.08.03"]
[Round "2"]
[White "Bivol, Alina"]
[Black "Penkov, Aleksey"]
[Result "0-1"]
[WhiteElo "1831"]
[BlackElo "2027"]
[PlyCount "146"]
[EventDate "2008.08.02"]
[EventType "swiss"]
[EventRounds "9"]
[EventCountry "RUS"]
[SourceTitle "CBM 125 Extra"]
[Source "ChessBase"]
[SourceDate "2008.09.01"]
[SourceVersion "1"]
[SourceVersionDate "2008.09.01"]
[SourceQuality "1"]

1. e4 d5 2. exd5 Nf6 3. d4 Nxd5 4. Nf3 Bg4 5. Be2 e6 6. 0-0 Be7 7. h3 Bh5 8. c4 Nb6 9. Nc3 0-0 10. Bf4 c6 11. c5 Nd5 12. Bg3 Nd7 13. Nxd5 exd5 14. Qb3 Qc8 15. Rfe1 Re8 16. Bd1 Nf6 17. Bc2 Bg6 18. Bxg6 hxg6 19. Nd2 Qd7 20. Re3 Nh5 21. Be5 Bg5 22. Rd3 Nf4 23. Bxf4 Bxf4 24. Nf1 Re6 25. Rf3 Bg5 26. Rg3 Bf6 27. Rd1 Rae8 28. Ne3 Qc7 29. Qd3 Re4 30. Qc3 Qe7 31. Ng4 Re1+ 32. Rxe1 Qxe1+ 33. Kh2 Bg5 34. Qxe1 Rxe1 35. Rb3 Re7 36. Kg3 Bd2 37. Ra3 a5 38. Ne5 g5 39. Kf3 f6 40. Nd3 Kf7 41. Rb3 Ke8 42. Ra3 Kd7 43. g3 Kc7 44. Ra4 Re4 45. Kg2 Re8 46. Kf3 g6 47. g4 Re4 48. Kg2 Kb8 49. a3 Ka7 50. Nb4 Bxb4 51. axb4 Rxd4 52. Rxa5+ Kb8 53. b5 cxb5 54. Rxb5 Kc7 55. Rb6 Rc4 56. Rxf6 Rxc5 57. Rxg6 d4 58. Rg7+ Kc6 59. Kf3 Re5 60. Rg6+ Kc5 61. Rg7 b5 62. Rd7 Kc4 63. Rc7+ Kd3 64. b4 Re8 65. Rd7 Rf8+ 66. Kg3 Kc3 67. f3 d3 68. Kf2 Rc8 69. f4 gxf4 70. g5 d2 71. Ke2 Re8+ 72. Kf3 Re3+ 73. Kxf4 Rd3 0-1

[Event "St Petersburg June op"]
[Site "St Petersburg"]
[Date "2008.06.21"]
[Round "1"]
[White "Khakimov, Timur"]
[Black "Penkov, Aleksey"]
[Result "1-0"]
[WhiteElo "2346"]
[BlackElo "2027"]
[PlyCount "69"]
[EventDate "2008.06.21"]
[EventType "swiss"]
[EventRounds "9"]
[EventCountry "RUS"]
[SourceTitle "CBM 125 Extra"]
[Source "ChessBase"]
[SourceDate "2008.09.01"]
[SourceVersion "1"]
[SourceVersionDate "2008.09.01"]
[SourceQuality "1"]

1. e4 c5 2. Nf3 d6 3. d4 cxd4 4. Nxd4 Nf6 5. Nc3 g6 6. Be3 Bg7 7. f3 0-0 8. Qd2 Nc6 9. Bc4 Bd7 10. 0-0-0 Ne5 11. Bb3 Rc8 12. h4 h5 13. Bg5 Nc4 14. Qe2 b5 15. Ndxb5 Bxb5 16. Nxb5 Na5 17. e5 Nxb3+ 18. axb3 Nd7 19. exd6 Qa5 20. dxe7 Qa1+ 21. Kd2 Rxc2+ 22. Kxc2 Qxb2+ 23. Kd3 Qxb3+ 24. Kd2 Qb4+ 25. Ke3 Qc5+ 26. Nd4 Re8 27. Kf2 Bxd4+ 28. Kg3 Ne5 29. Rxd4 Qxd4 30. Rd1 Qa4 31. Rd8 f6 32. Bxf6 Nf7 33. Qe4 Qxe4 34. Rxe8+ Kh7 35. fxe4 1-0

[Event "Petrovskaya Ladya op 08"]
[Site "Peterhof"]
[Date "2007.08.15"]
[Round "9"]
[White "Binkis, Mikhail"]
[Black "Penkov, Aleksey"]
[Result "0-1"]
[WhiteElo "2088"]
[BlackElo "2004"]
[PlyCount "108"]
[EventDate "2007.08.06"]
[EventType "swiss"]
[EventRounds "9"]
[EventCountry "RUS"]
[SourceTitle "EXT 2008"]
[Source "ChessBase"]
[SourceDate "2007.11.25"]
[SourceVersion "1"]
[SourceVersionDate "2007.11.25"]
[SourceQuality "1"]

1. d4 b6 2. Nf3 Bb7 3. e3 e6 4. Bd3 f5 5. c4 Nf6 6. 0-0 Be7 7. d5 0-0 8. dxe6 dxe6 9. Nc3 Na6 10. Nd4 Nc5 11. Bc2 Bd6 12. h3 Qe8 13. a3 Qg6 14. Nf3 Rad8 15. Qe2 Nfe4 16. Nxe4 Nxe4 17. Kh1 Qh6 18. Rd1 g5 19. Bxe4 Bxe4 20. Ng1 Qg7 21. f3 Bb7 22. Rb1 g4 23. b4 Qe5 24. f4 Qe4 25. Bb2 h5 26. Rbc1 c5 27. b5 Kh7 28. Rd2 Kh6 29. Qd3 Rg8 30. Rcd1 gxh3 31. Qxe4 Bxe4 32. Nxh3 Be7 33. Kh2 Rxg2+ 34. Rxg2 Rxd1 35. Nf2 Bxg2 36. Nxd1 Bf1 37. Be5 Bxc4 38. a4 a6 39. Nc3 axb5 40. axb5 Bd8 41. Kg3 Kg6 42. Kh3 Kf7 43. Kg3 h4+ 44. Kf3 h3 45. Kg3 Bf1 46. Bb8 Bh4+ 47. Kh2 Be1 48. Na4 Bxb5 49. Nxb6 c4 50. Be5 c3 51. Nc8 Bf1 52. Kg1 Be2 53. Nb6 c2 54. Bb2 Bg3 0-1

[Event "Petrovskaya Ladya op 08"]
[Site "Peterhof"]
[Date "2007.08.11"]
[Round "6"]
[White "Penkov, Aleksey"]
[Black "Shishkin, Vadim1111"]
[Result "1-0"]
[WhiteElo "2004"]
[BlackElo "1890"]
[PlyCount "79"]
[EventDate "2007.08.06"]
[EventType "swiss"]
[EventRounds "9"]
[EventCountry "RUS"]
[SourceTitle "EXT 2008"]
[Source "ChessBase"]
[SourceDate "2007.11.25"]
[SourceVersion "1"]
[SourceVersionDate "2007.11.25"]
[SourceQuality "1"]

1. Nf3 d5 2. b3 Nf6 3. Bb2 e6 4. e3 Be7 5. Ne5 Nbd7 6. f4 0-0 7. Be2 Nxe5 8. fxe5 Nd7 9. c4 c6 10. Bd3 Qc7 11. 0-0 g6 12. Qg4 dxc4 13. Qxc4 Nc5 14. Bc2 b6 15. Rf3 Ba6 16. Qf4 Kg7 17. Nc3 Nd3 18. Qa4 Nc5 19. Qg4 Nd3 20. Bxd3 Bxd3 21. e4 Bc5+ 22. Kh1 Rad8 23. Rh3 Qe7 24. Ne2 Bxe2 25. Qxe2 Qg5 26. Rd1 Bd4 27. Ba3 c5 28. d3 Qxe5 29. Rf1 f5 30. Bc1 h5 31. Bf4 Qf6 32. Qd2 Qf7 33. Bh6+ Kh7 34. Bxf8 Rxf8 35. g4 f4 36. gxh5 gxh5 37. Qe2 Kh6 38. Rxf4 Rg8 39. Rf1 Rg7 40. Qd2+ 1-0

[Event "St Petersburg-ch qual"]
[Site "St Petersburg"]
[Date "2006.12.18"]
[Round "10"]
[White "Penkov, Aleksey"]
[Black "Molchanov, Vladimir"]
[Result "0-1"]
[WhiteElo "1972"]
[BlackElo "2093"]
[PlyCount "68"]
[EventDate "2006.11.27"]
[EventType "swiss"]
[EventRounds "10"]
[EventCountry "RUS"]
[SourceTitle "EXT 2008"]
[Source "ChessBase"]
[SourceDate "2007.11.25"]
[SourceVersion "1"]
[SourceVersionDate "2007.11.25"]
[SourceQuality "1"]

1. e4 e6 2. d4 d5 3. e5 c5 4. c3 Qb6 5. Nf3 Nc6 6. a3 cxd4 7. cxd4 Bd7 8. b4 Rc8 9. Be3 a5 10. b5 Nce7 11. Nbd2 Nf5 12. Bd3 Nxe3 13. fxe3 Rc3 14. Nb1 Rc7 15. 0-0 Nh6 16. Ng5 Be7 17. Qh5 Bxg5 18. Qxg5 0-0 19. Ra2 Rfc8 20. a4 Rc1 21. Raf2 Rxf1+ 22. Rxf1 Nf5 23. g4 Nh6 24. Kg2 Qd8 25. Qh5 Qf8 26. Rf3 Qb4 27. g5 Nf5 28. Rh3 Qb2+ 29. Kf3 Rc2 30. Qxh7+ Kf8 31. Qh8+ Ke7 32. Qb8 Rg2 33. Rg3 Qf2+ 34. Kg4 Nxe3+ 0-1